000 00286nam a22001337a 4500
008 181207b xxu||||| |||| 00| 0 eng d
020 _a9780395870761
041 _aeng
080 _a371
100 _a46
101 _aEDU
245 _aA Readers Guide
_cWiener,H.S
942 _2udc
_cBK
999 _c53029
_d53029